000 00744cam a22002895a 4500
001 L155610
002 8011
008 040929n1997 000 0 eng u
020 _a0946805997
035 _a(Sirsi) u155610
041 _aeng
050 _a692.5
_c18
245 _aWessex comprehensive building price book 1998
_b1998Wessex minor works estimating price book
250 _a16th ed.
260 _aPoole
_bWessex
_c1997
350 _a95
590 _aNB
590 _aNB
650 _aBUILDING PRICE BOOKS
650 _aESTIMATING
650 _aCONSTRUCTION COSTS
650 _aMINOR WORKS
651 4 _aENGLAND AND WALES
690 _aBUILDING AND CONSTRUCTION-COSTS
700 _aBarnett, N. P.
_xEditor
942 _n0
999 _c113694
_d113694